LEADER 01068cam0 2200325 450 001 000017379 005 20081103140732.0 010 $a88-203-1497-5 100 $a20081013d1986----km-y0itay50------ba 101 1 $aita$ceng 102 $aIT 105 $ay-------001yy 200 1 $aEconomia$egli strumenti, microeconomia, macroeconomia, economia internazionale$fStanley Fischer, Rudiger Dornbusch$gedizione italiana a cura di Francesco Giavazzi 210 $aMilano$cHoepli$d1986 215 $a1107 p.$d24 cm 225 2 $aSerie di economia 300 $aTrad. di Angela Intilia, Anna Legnani, Massimo Scandola 410 0$12001$aSerie di economia 500 10$aEconomics$934361 610 1 $aEconomia 610 1 $aEconomia$aManuali 676 $a330$v19$9Scienze economiche 700 1$aFischer,$bStanley$07953 701 1$aDornbusch,$bRudiger$07952 702 1$aGiavazzi,$bFrancesco 801 0$aIT$bUNIPARTHENOPE$c20081013$gRICA$2UNIMARC 912 $a000017379 951 $a010/13$b94/CNR$cNAVA2 996 $aEconomics$934361 997 $aUNIPARTHENOPE